Scaling down inequality: rating scales, gender bias, and the architecture of evaluation (Record no. 510742)

000 -LEADER
fixed length control field 00506nam a2200169 4500
008 - FIXED-LENGTH DATA ELEMENTS--GENERAL INFORMATION
fixed length control field 190830b ||||| |||| 00| 0 eng d
100 ## - MAIN ENTRY--PERSONAL NAME
Personal name Rivera, Lauren A.
245 ## - TITLE STATEMENT
Title Scaling down inequality: rating scales, gender bias, and the architecture of evaluation
260 ## - PUBLICATION, DISTRIBUTION, ETC. (IMPRINT)
Date of publication, distribution, etc 2019
300 ## - PHYSICAL DESCRIPTION
Extent p.248-274.
650 ## - SUBJECT ADDED ENTRY--TOPICAL TERM
Topical term or geographic name as entry element Sex discrimination
9 (RLIN) 9228
650 ## - SUBJECT ADDED ENTRY--TOPICAL TERM
Topical term or geographic name as entry element Employment
9 (RLIN) 9229
700 ## - ADDED ENTRY--PERSONAL NAME
Personal name Tilcsik, Andras
9 (RLIN) 9230
773 ## - HOST ITEM ENTRY
Main entry heading American Sociological Review
906 ## - LOCAL DATA ELEMENT F, LDF (RLIN)
Subject DIP Women
942 ## - ADDED ENTRY ELEMENTS (KOHA)
Source of classification or shelving scheme
Item type Articles
Holdings
Withdrawn status Lost status Source of classification or shelving scheme Damaged status Not for loan Permanent location Current location Date acquired Serial Enumeration / chronology Barcode Date last seen Koha item type
          Indian Institute of Public Administration Indian Institute of Public Administration 2019-08-30 84(2), Apr, 2019: p.248-274. AR120631 2019-08-30 Articles

Powered by Koha